00552 2200193 4500001002100000005001500021035002000036007000300056008003900059082001000098084001700108100001400125245009000139260005300229300004200282650001100324650001000335022001300345INLIS00000000000094420240909085810 a0010-0924000022ta240909 | | |  a635.6 a635.6 AGU a0 aAgussabti1 aAceh tomato farmers and the application of tomato cultivation technology /cAgussabti aUnited Kingdom, Bristol :bIOP Publishing,c2019 a1-10 hlm, :bilus, ;c21 cm X 29,5 cm 4aJurnal 4aTomat a17551315